Fincad fine line analysis and synthesis for milimeter wave applications (Record no. 579552)
[ view plain ]
| 000 -LEADER | |
|---|---|
| fixed length control field | 00511nam a22001697a 4500 |
| 003 - CONTROL NUMBER IDENTIFIER | |
| control field | CEME |
| 005 - DATE AND TIME OF LATEST TRANSACTION | |
| control field | 20210628205116.0 |
| 008 - FIXED-LENGTH DATA ELEMENTS--GENERAL INFORMATION | |
| fixed length control field | 210225b xxu||||| |||| 00| 0 eng d |
| 040 ## - CATALOGING SOURCE | |
| Transcribing agency | . |
| 082 ## - DEWEY DECIMAL CLASSIFICATION NUMBER | |
| Classification number | 260 SOF'T |
| 100 ## - MAIN ENTRY--PERSONAL NAME | |
| Personal name | S. Raghu Kumar Anita Sarraf R. Sathyavageedwaran |
| 9 (RLIN) | 73948 |
| 245 ## - TITLE STATEMENT | |
| Title | Fincad fine line analysis and synthesis for milimeter wave applications |
| 260 ## - PUBLICATION, DISTRIBUTION, ETC. | |
| Place of publication, distribution, etc. | LONDON |
| Name of publisher, distributor, etc. | ARTECH HOUSE |
| 300 ## - PHYSICAL DESCRIPTION | |
| Extent | 2 DISK 3.5 50P (MANUAL) |
| 650 ## - SUBJECT ADDED ENTRY--TOPICAL TERM | |
| Topical term or geographic name entry element | SOFTWARE NUST ACC NO-30440 |
| 9 (RLIN) | 73949 |
| 942 ## - ADDED ENTRY ELEMENTS (KOHA) | |
| Koha item type | Book |
| Source of classification or shelving scheme | |
| Withdrawn status | Lost status | Damaged status | Not for loan | Permanent Location | Current Location | Shelving location | Date acquired | Total Checkouts | Full call number | Barcode | Date last seen | Price effective from | Koha item type |
|---|---|---|---|---|---|---|---|---|---|---|---|---|---|
| College of Electrical & Mechanical Engineering (CEME) | College of Electrical & Mechanical Engineering (CEME) | 04/26/2017 | 260 SOF'T | CEME-30440 | 06/28/2021 | 06/28/2021 | Book |
